00892nam a22002177a 4500999001500000001000600015003000900021005001700030008004100047040003800088082002100126100002800147245013700175250001300312260004100325300003000366650002800396942001200424952011900436952011900555 c1722d172213266BD-DhUAP20200212161613.0200212s2005 ii ||||| |||| 00| 0 eng d aBD-DhUAPbEngcBD-DhUAPdBD-DhUAP 223a347.5405 JHA aJhabvala, Noshirvan H.  aThe code of civil procedure (act v of 1908) :bas amended by the code of civil procedure acts, 1999 & 2002 /cNoshirvan H. Jhabvala. a24th ed. aMumbai :bC. Jamnadas & co.,cc2005. aviii, 284 pages ;c25 cm. aCivil procedurezIndia. 2ddccBK 00102ddc4070aUAPCLbUAPCLcGeneral Stacksd2020-02-12o347.5405 JHAp3010013266r2020-02-12t1w2020-02-12yBK 00102ddc4070aUAPCLbUAPCLcGeneral Stacksd2020-02-12o347.5405 JHAp3010014273r2020-02-12t2w2020-02-12yBK